000 00477nam a2200181Ia 4500
003 GCL
008 140319s9999 xx 000 0 eng d
040 _aGCL /
_cGCL
082 0 4 _aREF
_b443
_bGG
100 1 _aSTEWART, ALIVIA
245 1 0 _aGUIDE D EXPRESSION ORALE /
_cSTEWART, ALIVIA
260 _a[S.N] :
_bREFERENCES LARUSSE ،
_c1991
300 _a401
650 0 4 _aتقوية الذاكرة
650 0 4 _aDICTIONARIES, POLYGLOT
650 0 4 _aCESMMY
942 _2ddc
_cBK
999 _c22527
_d22527